000 00297nam a2200133 i 4500
001 bg
100 1 _aLIPKA, J.
245 0 _aWytrzymałość materiałów /
_cK. Lipka.
260 _aWarszawa,
_c1990.
040 _cBPK
041 _apol
942 _cKS
008 s pl f |000 0 pol
999 _c4320
_d4320
856 _uhttp://koha.tu.koszalin.pl/cgi-bin/koha/opac-detail.pl?biblionumber=4320
_yKatalog online BPK